Types de choses - Statistiques

Statistiques générales
  • Ce quiz a été pris 960 fois
  • Le résultat moyen est 12 sur 20
Statistiques - réponses
% Correct
Aigu, Grave, Circonflexe accent
94%
Omoplate, Péroné, Sacrum os
94%
Coulommiers, Saint-Paulin, Gouda fromage
92%
Délice, Pingui, Bueno kinder
88%
Australie, Madagascar, Java île
87%
De Xérès, De Vin, Balsamique vinaigre
86%
A, U, Y voyelle
83%
Cerise, Cœur de Bœuf, Andine Cornue tomate
80%
Anti-UV, À Ongles, Acrylique vernis
78%
Arborio, Basmati, De Camargue riz
76%
Propane, Butane, Xénon gaz
72%
Daïquiri, Margarita, Mimosa cocktail
60%
Cerf, Chevreuil, Daim cervidé
49%
Germinal, Don Quichotte, Salammbô roman
45%
Atacama, Gobi, Sonora désert
44%
Arcturus, Pollux, Véga étoile
32%
Manioc, Igname, Betteraves tubercule
17%
Irma, Sandy, Ike ouragan
15%
Scopa, Briscola, Whist jeu de carte
8%
D'Hermann, De Horsfield, Grecque tortue
8%
Aucun quiz correspondant
Distribution des résultats
% des personnes avec chaque résultat
Percentile par nombre de réponses
Votre historique - résultats
Vous n’avez pas pris ce quiz